Gloucestershire A-Z - Statistics

General Stats
  • This quiz has been taken 88 times
    17 since last reset
  • The average score is 16 of 26
Answer Stats
Hint Answer % Correct
A River that flows through Bristol Avon
93%
B Famous anonymous street artist Banksy
87%
C Town known for its horse racing festival Cheltenham
87%
I Food produced at the Wall's factory in Gloucester Ice cream
87%
S Major river that divides the county Severn
87%
R Annual event that takes place at Cooper's Hill Cheese {rolling}
80%
D Region near the Welsh border Forest of {Dean}
80%
G Government intelligence organisation based at 'The Doughnut' GCHQ
80%
V Cleaning device invented by Hubert Cecil Booth Vacuum cleaner
80%
E Quirky amateur who became GB's first Olympic ski jumper Eddie the Eagle
73%
J Vaccine inventor from Berkeley Edward Jenner
67%
U Institution in Cirencester; the oldest of its kind in the country Royal Agricultural {University}
67%
O Famous breed of pig Gloucestershire {Old} {Spots}
60%
L Gardening device invented by Edwin Budding Lawnmower
60%
Z Minor royal who lives at Gatcombe Park {Zara} Tindall
60%
M Bordering Welsh county Monmouthshire
53%
W River that constitutes the border with Wales Wye
53%
X Semiconductor company (hint: Christmas with a different vowel) XMOS
53%
N John Cabot set out from Bristol in 1497 and discovered this island Newfoundland
47%
H Family residence of Charles III and Camilla Highgrove House
40%
F RAF base that hosts RIAT, the world's largest military air show RAF {Fairford}
40%
Q Town / suburb southwest of Gloucester Quedgeley
33%
Y Town northeast of Bristol; the birthplace of J. K. Rowling Yate
33%
K Large town / suburb east of Bristol Kingswood
27%
P Town home to a rococo garden; the 'Queen of the Cotswolds' Painswick
20%
T Martyred translator of the Bible from Stinchcombe William Tyndale
20%
No matching quizzes found
Score Distribution
Percent of People with Each Score
Percentile by Number Answered
Your Score History
You have not taken this quiz since the last reset